000 00360nam a2200157Ia 4500
003 Ost
005 20260225132549.0
008 260225s9999||||xx |||||||||||||| ||und||
040 _cfsic
041 _afre
082 _a440
100 _aEdition emam
_eAuteur
245 0 _aéconomie du monde arabe et musulman /
245 0 _cEdition emam
942 _cكتاب
999 _c34056
_d34056